[Event "53rd Groningen Open 2015"]
[Site "Groningen NED"]
[Date "2015.12.26"]
[Round "5.1"]
[White "Werle, Jan"]
[Black "Van Foreest, Jorden"]
[Result "1/2-1/2"]
[WhiteTitle "GM"]
[BlackTitle "IM"]
[WhiteElo "2542"]
[BlackElo "2547"]
[WhiteFideId "1006088"]
[BlackFideId "1039784"]
[EventDate "2015.12.21"]

1. d4 d5 2. c4 c6 3. Nf3 Nf6 4. e3 Bg4 5. h3 Bh5 6. Nc3 e6 7. Qb3 Qb6 8. Nh4 Be7
9. g4 Bg6 10. Nxg6 hxg6 11. Bg2 g5 12. O-O Nbd7 13. Re1 Nf8 14. cxd5 Nxd5 15.
Nxd5 exd5 16. e4 dxe4 17. Bxe4 Ne6 18. d5 Qxb3 19. axb3 cxd5 20. Bxd5 O-O-O 21.
Rxa7 Rxh3 22. Bxe6+ fxe6 23. Be3 Rdh8 24. Kg2 Rh2+ 25. Kf3 Rh1 26. Re2 Kb8 27.
Ra4 b6 28. Ra6 Bd8 29. Rd2 Rb1 30. b4 Rf8+ 31. Ke4 Bc7 32. b5 Rg1 33. Rd7 Rxg4+
34. Kd3 Rb4 35. Bxb6 Bxb6 36. Rxb6+ Kc8 37. Rxg7 Rxb2 38. Rxg5 Rfxf2 39. Rxe6
Rfd2+ 40. Kc3 Rdc2+ 41. Kd4 Rb4+ 42. Kd3 Rbc4 43. Rc6+ 1/2-1/2

[Event "53rd Groningen Open 2015"]
[Site "Groningen NED"]
[Date "2015.12.26"]
[Round "5.2"]
[White "Kevlishvili, Robby"]
[Black "Kasparov, Sergey"]
[Result "0-1"]
[WhiteTitle "FM"]
[BlackTitle "GM"]
[WhiteElo "2351"]
[BlackElo "2485"]
[WhiteFideId "1040634"]
[BlackFideId "13500481"]
[EventDate "2015.12.21"]

1. e4 d6 2. d4 Nf6 3. Nc3 e5 4. Nf3 Nbd7 5. Bc4 Be7 6. a4 O-O 7. O-O c6 8. Re1
b6 9. b3 a6 10. Bb2 Rb8 11. Bf1 Re8 12. g3 Bf8 13. Bg2 Qc7 14. Qd2 b5 15. h3 Bb7
16. axb5 axb5 17. Nh4 b4 18. Nd1 exd4 19. Qxd4 c5 20. Qd3 d5 21. Ne3 dxe4 22.
Qe2 Ne5 23. Kh1 Re6 24. Red1 g6 25. Rd2 Bg7 26. Rad1 Rbe8 27. Ra1 Nf3 28. Nxf3
exf3 29. Bxf3 Bxf3+ 30. Qxf3 Ne4 31. Nd5 Nxd2 32. Nxc7 Nxf3 33. Nxe8 Rxe8 0-1

[Event "53rd Groningen Open 2015"]
[Site "Groningen NED"]
[Date "2015.12.26"]
[Round "5.3"]
[White "Baskin, Robert"]
[Black "Boruchovsky, Avital"]
[Result "0-1"]
[WhiteTitle "FM"]
[BlackTitle "GM"]
[WhiteElo "2351"]
[BlackElo "2540"]
[WhiteFideId "24662402"]
[BlackFideId "2800055"]
[EventDate "2015.12.21"]

1. e4 e5 2. Nf3 Nc6 3. Bb5 a6 4. Bxc6 dxc6 5. O-O f6 6. d4 exd4 7. Nxd4 c5 8.
Nb3 Qxd1 9. Rxd1 Bg4 10. f3 Be6 11. Be3 b6 12. Nc3 Bd6 13. Nd5 O-O-O 14. a4 a5
15. Nd2 Ne7 16. Nc4 Bxd5 17. exd5 Rhe8 18. Nxd6+ Rxd6 19. c4 Nxd5 20. Bxc5 bxc5
21. Rxd5 Rxd5 22. cxd5 Kd7 23. Rc1 Kd6 24. Rc3 Re2 25. b3 Kxd5 26. Rd3+ Kc6 27.
Rc3 f5 28. f4 Re4 29. Rh3 c4 30. bxc4 Rxc4 31. Rxh7 Rxa4 32. Rxg7 Rxf4 33. g3
Rg4 34. Rf7 f4 35. Kf2 fxg3+ 36. hxg3 a4 37. Rf8 Kb7 38. Rf5 Rg6 39. Ra5 Ra6 40.
Rb5+ Kc6 41. Rb1 a3 42. Ke2 a2 43. Ra1 Kb5 44. Kd3 Kb4 45. Kc2 Ka3 46. Rh1 Rc6+
47. Kd3 Kb2 48. Kd4 0-1

[Event "53rd Groningen Open 2015"]
[Site "Groningen NED"]
[Date "2015.12.26"]
[Round "5.4"]
[White "Shyam, Sundar M."]
[Black "Maris, Ivo"]
[Result "1-0"]
[WhiteTitle "GM"]
[BlackTitle "FM"]
[WhiteElo "2485"]
[BlackElo "2352"]
[WhiteFideId "5019141"]
[BlackFideId "1028146"]
[EventDate "2015.12.21"]

1. c4 Nc6 2. g3 e5 3. Nc3 f5 4. Nf3 Nf6 5. d4 e4 6. Nh4 g6 7. Bg5 Kf7 8. f3 h6
9. Bxf6 Qxf6 10. e3 Bb4 11. fxe4 Re8 12. Bg2 Qg5 13. O-O Qxe3+ 14. Kh1 Bxc3 15.
exf5 Bxd4 16. fxg6+ Kg8 17. Bd5+ Re6 18. Nf5 Qe5 19. Nxh6+ Kg7 20. Nf5+ Kxg6 21.
Qg4+ Kf6 22. Qg7# 1-0

[Event "53rd Groningen Open 2015"]
[Site "Groningen NED"]
[Date "2015.12.26"]
[Round "5.5"]
[White "Petrov, Nikita"]
[Black "Beerdsen, Thomas"]
[Result "1-0"]
[WhiteTitle "IM"]
[BlackTitle "FM"]
[WhiteElo "2456"]
[BlackElo "2323"]
[WhiteFideId "4101286"]
[BlackFideId "1030108"]
[EventDate "2015.12.21"]

1. Nf3 Nf6 2. g3 g6 3. Bg2 Bg7 4. d4 d5 5. O-O O-O 6. c4 dxc4 7. Na3 Nc6 8. Nxc4
Be6 9. Nce5 Bd5 10. Bf4 Nh5 11. Be3 Qd6 12. Rc1 Rad8 13. Nxc6 Bxc6 14. Qc2 Nf6
15. Bf4 Qb4 16. Be5 Be4 17. Qc3 Qb5 18. Qa3 Nd5 19. Bxg7 Kxg7 20. Rc5 Qb6 21. e3
Qf6 22. Ne5 Bxg2 23. Kxg2 Qf5 24. Qd3 Qe6 25. Qb3 f6 26. Nf3 Qe4 27. Qc2 Qe6 28.
h3 c6 29. Re1 Rc8 30. e4 Nb4 31. Qd2 Na6 32. Ra5 Rfd8 33. h4 Qg4 34. h5 c5 35.
d5 Rc7 36. Qe3 Nb4 37. Rxc5 Nc2 38. Rxc2 Rxc2 39. Nd4 Rdc8 40. Nxc2 Rxc2 41. e5
Qxh5 42. exf6+ exf6 43. Qe7+ Kh6 44. Qe4 Qf5 45. Qxf5 gxf5 46. Rd1 Rc7 47. d6
Rd7 48. Kf3 Kg5 49. Rd5 h5 50. b4 a6 51. a3 b5 52. Ke3 Kg4 53. Kd4 f4 54. Kc5 1-0

[Event "53rd Groningen Open 2015"]
[Site "Groningen NED"]
[Date "2015.12.26"]
[Round "5.6"]
[White "De Jong, Migchiel"]
[Black "Golubov, Saveliy"]
[Result "1-0"]
[WhiteTitle "IM"]
[BlackTitle "IM"]
[WhiteElo "2336"]
[BlackElo "2452"]
[WhiteFideId "1002848"]
[BlackFideId "24176729"]
[EventDate "2015.12.21"]

1. e4 c5 2. Nf3 e6 3. g3 b6 4. Bg2 Bb7 5. d3 Nf6 6. O-O d5 7. Nbd2 Be7 8. Re1
O-O 9. e5 Nfd7 10. Nf1 Nc6 11. h4 Re8 12. N1h2 Nf8 13. h5 h6 14. Ng4 Nh7 15. c3
Ng5 16. Nfh2 b5 17. f4 Nh7 18. Nf3 a5 19. d4 cxd4 20. cxd4 a4 21. Bf1 Qb6 22. f5
Ng5 23. Bxg5 Bxg5 24. f6 gxf6 25. exf6 e5 26. Bxb5 Nxd4 27. Nxd4 Re6 28. Bd7
Qxd4+ 29. Qxd4 exd4 30. Bxe6 fxe6 31. Rxe6 Bc8 32. Re8+ Kf7 33. Re7+ Kf8 34. Ne5
Bxf6 35. Rf7+ 1-0

[Event "53rd Groningen Open 2015"]
[Site "Groningen NED"]
[Date "2015.12.26"]
[Round "5.7"]
[White "Lobzhanidze, Davit"]
[Black "Van Osch, Mees"]
[Result "1-0"]
[WhiteTitle "IM"]
[WhiteElo "2425"]
[BlackElo "2289"]
[WhiteFideId "13600796"]
[BlackFideId "1035967"]
[EventDate "2015.12.21"]

1. e4 e6 2. d4 d5 3. Nd2 c5 4. exd5 Qxd5 5. dxc5 Nf6 6. Ngf3 Bxc5 7. Bc4 Qc6 8.
Qe2 O-O 9. O-O a6 10. Nb3 Bd6 11. Bg5 Nbd7 12. Nbd4 Qc7 13. Rad1 b6 14. c3 Re8
15. Bb3 Bb7 16. Bc2 Rad8 17. Rfe1 Bf8 18. Bh4 h6 19. Nd2 Bd6 20. Bg3 Bxg3 21.
hxg3 Nc5 22. Qe5 Qc8 23. Nc4 Ncd7 24. Qe2 Qc7 25. Nf3 Nb8 26. Rxd8 Rxd8 27. Rd1
Bd5 28. Bb3 Nc6 29. Ncd2 Bxb3 30. Nxb3 Rd6 31. Rxd6 Qxd6 32. Qxa6 Qd1+ 33. Qf1
Qc2 34. Qc1 Qd3 35. Qf1 Qc2 36. Qc1 Qd3 37. Ne1 Qe4 38. f3 Qe5 39. Kf2 Nh5 40.
f4 Qb5 41. Qd1 Nf6 42. Qd3 Qh5 43. Kg1 Ne7 44. Nd4 Ned5 45. Nef3 Ng4 46. Nc2
Qh1+ 47. Kxh1 Nf2+ 48. Kg1 Nxd3 49. c4 Nf6 50. b3 Ne4 51. Nfe1 Nc1 52. Nb4 Ne2+
53. Kh2 N4xg3 54. Nbd3 g5 55. fxg5 hxg5 56. Nf3 g4 57. Nd2 f5 58. c5 bxc5 59. a4
Ne4 60. Nxe4 fxe4 61. Nxc5 e3 62. a5 Nd4 63. a6 Nb5 64. Kg3 Kf7 65. Kxg4 e2 66.
Nd3 e5 67. Nxe5+ Ke6 68. Nd3 Kd5 69. Nf4+ Kc6 70. Nxe2 Kb6 71. Kf4 Kxa6 72. Ke5
Nc7 73. g4 Kb5 74. g5 Kb4 75. g6 Ne8 76. Nc1 Ng7 77. Kf6 Nh5+ 78. Kf7 Kc3 79. g7 1-0

[Event "53rd Groningen Open 2015"]
[Site "Groningen NED"]
[Date "2015.12.26"]
[Round "5.8"]
[White "Ypma, Peter"]
[Black "Soors, Stef"]
[Result "0-1"]
[BlackTitle "IM"]
[WhiteElo "2228"]
[BlackElo "2398"]
[WhiteFideId "1027255"]
[BlackFideId "209511"]
[EventDate "2015.12.21"]

1. e4 c6 2. d4 d5 3. f3 dxe4 4. fxe4 e5 5. Nf3 Bg4 6. Bc4 Nd7 7. c3 Bh5 8. O-O
Ngf6 9. Nbd2 Bd6 10. Be2 b5 11. a4 a6 12. Nh4 Bg6 13. Nf5 Bxf5 14. exf5 O-O 15.
Kh1 Qc7 16. axb5 axb5 17. Rxa8 Rxa8 18. g3 Rd8 19. Bf3 c5 20. Nb3 exd4 21. cxd4
c4 22. Nd2 Re8 23. Bg2 h5 24. Nf3 Ng4 25. Ng5 Ndf6 26. Qf3 b4 27. Bd2 Qb8 28.
Rc1 Qa7 29. Rxc4 Qa1+ 30. Qf1 Qxb2 31. Qc1 Qa2 32. Rc2 Qa7 33. Rc8 Qxd4 34. h3
Nf2+ 35. Kh2 h4 36. Be3 hxg3+ 37. Kg1 Qd1+ 38. Qxd1 Nxd1 39. Rxe8+ Nxe8 40. Bd4
Nc7 41. Ne4 Nb5 42. Nxd6 Nxd4 43. Bd5 Ne3 44. Bxf7+ Kf8 45. Bh5 b3 46. Ne4 b2
47. Nd2 Ke7 48. Kh1 Kf6 0-1

[Event "53rd Groningen Open 2015"]
[Site "Groningen NED"]
[Date "2015.12.26"]
[Round "5.9"]
[White "Pruijssers, Roeland"]
[Black "Saravanan, V."]
[Result "1-0"]
[WhiteTitle "GM"]
[BlackTitle "IM"]
[WhiteElo "2489"]
[BlackElo "2283"]
[WhiteFideId "1013068"]
[BlackFideId "5000580"]
[EventDate "2015.12.21"]

1. e4 e5 2. Nf3 Nc6 3. Bb5 a6 4. Ba4 Nf6 5. O-O Bc5 6. c3 b5 7. Bb3 d6 8. d4 Bb6
9. Be3 O-O 10. Nbd2 Bb7 11. Re1 h6 12. h3 Re8 13. Bc2 Nb8 14. a4 Nbd7 15. Qb1 c5
16. b3 Ba5 17. dxe5 dxe5 18. Qb2 Bc6 19. axb5 axb5 20. Nh4 Nh5 21. Nf5 Nf4 22.
b4 Bb6 23. Rxa8 Qxa8 24. c4 Ne6 25. cxb5 Bb7 26. Nc4 Bc7 27. bxc5 Nexc5 28. b6
Bd8 29. Ra1 Qb8 30. Bxc5 1-0

[Event "53rd Groningen Open 2015"]
[Site "Groningen NED"]
[Date "2015.12.26"]
[Round "5.10"]
[White "Kerigan, Demre"]
[Black "Ratsma, Midas"]
[Result "1/2-1/2"]
[WhiteTitle "IM"]
[WhiteElo "2374"]
[BlackElo "2131"]
[WhiteFideId "6307841"]
[BlackFideId "1032283"]
[EventDate "2015.12.21"]

1. e4 e6 2. d4 d5 3. Nd2 c5 4. Ngf3 cxd4 5. Nxd4 Nf6 6. exd5 Nxd5 7. N2f3 Bb4+
8. Bd2 O-O 9. Bxb4 Nxb4 10. Qd2 N8c6 11. Nxc6 Qxd2+ 12. Kxd2 Nxc6 13. Re1 b6 14.
Kc1 Bb7 15. Bd3 Rfd8 16. Be4 Rac8 17. Rd1 f5 18. Rxd8+ Rxd8 19. Bd3 Kf7 20. Re1
Kf6 21. Nd2 Nb4 22. Bc4 e5 23. g4 fxg4 24. a3 Na6 25. b4 Nc7 26. Bd3 h5 27. Nc4
Bc8 28. Nxe5 Re8 29. f4 g5 30. fxg5+ Kxg5 31. Kd2 h4 32. Nf7+ Kh5 33. Rxe8 Nxe8
34. Ke3 Nf6 35. Nd6 Bd7 36. Kf4 Nd5+ 37. Ke5 g3 38. hxg3 hxg3 39. Be4 Ne3 40. c4
Kg4 41. c5 bxc5 1/2-1/2

[Event "53rd Groningen Open 2015"]
[Site "Groningen NED"]
[Date "2015.12.26"]
[Round "5.11"]
[White "Kasparova, Tatiana"]
[Black "Brink, Barry"]
[Result "0-1"]
[WhiteTitle "WIM"]
[WhiteElo "2158"]
[BlackElo "2360"]
[WhiteFideId "13501453"]
[BlackFideId "1009451"]
[EventDate "2015.12.21"]

1. e4 c5 2. Nf3 e6 3. d4 cxd4 4. Nxd4 Nc6 5. Nb5 d6 6. c4 Nf6 7. N1c3 a6 8. Na3
Be7 9. Be3 O-O 10. Be2 b6 11. O-O Bb7 12. Qb3 Ne5 13. Bxb6 Qd7 14. f3 Rfb8 15.
Bd4 Bxe4 16. Qd1 Bg6 17. Na4 Qc7 18. Rc1 Nfd7 19. Qd2 Nc5 20. Nxc5 dxc5 21. Bc3
Rd8 22. Qe3 Nc6 23. Nb1 Nd4 24. Bd1 Bd6 25. f4 e5 26. fxe5 Bxe5 27. g3 Re8 28.
Nd2 Bf6 29. Qf4 Qxf4 30. gxf4 Bd3 31. Bf3 Bxf1 32. Bxa8 Ne2+ 33. Kxf1 Nxc1 34.
Bxf6 Rxa8 35. Be7 Nd3 36. b3 Re8 37. Bd6 Re1+ 0-1

[Event "53rd Groningen Open 2015"]
[Site "Groningen NED"]
[Date "2015.12.26"]
[Round "5.12"]
[White "Berkovich, Mark A"]
[Black "Heemskerk, Wim"]
[Result "1-0"]
[WhiteTitle "IM"]
[BlackTitle "FM"]
[WhiteElo "2353"]
[BlackElo "2181"]
[WhiteFideId "2801639"]
[BlackFideId "1001000"]
[EventDate "2015.12.21"]

1. g3 c5 2. Bg2 Nc6 3. c4 g6 4. Nf3 Bg7 5. Nc3 d6 6. O-O Qd7 7. e3 Nh6 8. d4
cxd4 9. exd4 Nf5 10. d5 Ncd4 11. Nxd4 Nxd4 12. Bf4 O-O 13. Rc1 b5 14. cxb5 Nxb5
15. Nxb5 Qxb5 16. b3 Bf5 17. Re1 Rfe8 18. g4 Bc8 19. Rc7 Kf8 20. Rexe7 Rxe7 21.
Bxd6 Bf6 22. Bxe7+ 1-0

[Event "53rd Groningen Open 2015"]
[Site "Groningen NED"]
[Date "2015.12.26"]
[Round "5.13"]
[White "Boer, Alef"]
[Black "Liu, Yi"]
[Result "1/2-1/2"]
[BlackTitle "FM"]
[WhiteElo "2125"]
[BlackElo "2306"]
[WhiteFideId "1007122"]
[BlackFideId "3210588"]
[EventDate "2015.12.21"]

1. c4 Nf6 2. Nc3 e6 3. e4 d5 4. e5 d4 5. exf6 dxc3 6. fxg7 cxd2+ 7. Qxd2 Qxd2+
8. Bxd2 Bxg7 9. O-O-O Nc6 10. Ne2 e5 11. Ng3 O-O 12. Bc3 Be6 13. b3 Rad8 14. Be2
Nd4 15. Bxd4 exd4 16. Bd3 f5 17. Rde1 Bd7 18. f4 c5 19. Rhf1 Rf7 20. Kc2 Bf8 21.
Rf2 Bd6 22. Nf1 Kg7 23. Nd2 Kf6 24. g3 a6 25. a4 Bc7 26. Nf3 Rg7 27. Nh4 Rgg8
28. Rfe2 Ba5 29. Rf1 Rge8 30. Rff2 Bc7 31. Kd2 Be6 32. Kc2 Re7 33. Rg2 Rde8 34.
Rgf2 Bd6 35. Rg2 Bd7 36. Rxe7 Rxe7 37. Re2 Rxe2+ 38. Bxe2 Bc6 39. Bd3 Be4 40.
Kd2 Ke6 41. Ke2 Be7 42. Nf3 Bf6 43. h3 Bc6 44. Kf2 h6 45. Ke2 Bd7 46. g4 fxg4
47. hxg4 Kd6 48. g5 hxg5 49. fxg5 Be5 50. Be4 b6 51. g6 Bg7 52. Kd3 Ke6 53. Ng5+
Kf6 54. Nf7 Bf8 55. Nd8 Be8 56. Nc6 Bd6 57. a5 bxa5 58. Nxa5 Bxg6 59. Bxg6 Kxg6
60. b4 cxb4 61. Kxd4 Bc7 62. Nc6 a5 63. c5 Kf5 64. Kc4 Ke4 65. Nxb4 axb4 1/2-1/2

[Event "53rd Groningen Open 2015"]
[Site "Groningen NED"]
[Date "2015.12.26"]
[Round "5.14"]
[White "Vrolijk, Liam"]
[Black "Bezemer, Arno"]
[Result "1/2-1/2"]
[BlackTitle "FM"]
[WhiteElo "2094"]
[BlackElo "2287"]
[WhiteFideId "1048333"]
[BlackFideId "1001396"]
[EventDate "2015.12.21"]

1. d4 Nf6 2. Nc3 d5 3. Bf4 e6 4. e3 Be7 5. Nf3 O-O 6. Bd3 c5 7. O-O Nc6 8. dxc5
Bxc5 9. e4 Nb4 10. exd5 Nfxd5 11. Nxd5 Qxd5 12. Be2 Qf5 13. Qd2 Qxc2 14. Qxc2
Nxc2 15. Rad1 Nb4 16. Bc4 b6 17. a3 Nd5 18. Bxd5 exd5 19. Rxd5 Be6 20. Rd2 Rfd8
21. Rfd1 Rxd2 22. Rxd2 f6 23. h3 Kf7 24. Nd4 Bxd4 1/2-1/2

[Event "53rd Groningen Open 2015"]
[Site "Groningen NED"]
[Date "2015.12.26"]
[Round "5.16"]
[White "Maatman, Nick"]
[Black "Esserman, Marc"]
[Result "1/2-1/2"]
[BlackTitle "IM"]
[WhiteElo "2258"]
[BlackElo "2411"]
[WhiteFideId "1040391"]
[BlackFideId "2018616"]
[EventDate "2015.12.21"]

1. d4 Nf6 2. c4 g6 3. Nc3 Bg7 4. e4 d6 5. f3 O-O 6. Be3 e5 7. d5 Nh5 8. Qd2 f5
9. O-O-O Nd7 10. Bd3 a6 11. Kb1 Nc5 12. Bc2 b5 13. cxb5 axb5 14. Nxb5 Ba6 15.
Nc3 Qb8 16. Bxc5 dxc5 17. d6 cxd6 18. Qxd6 Qxd6 19. Rxd6 Bf1 20. Rd2 Nf4 21.
Nge2 Bxg2 22. Rg1 Nxe2 23. Rxg2 Nd4 1/2-1/2

[Event "53rd Groningen Open 2015"]
[Site "Groningen NED"]
[Date "2015.12.26"]
[Round "5.17"]
[White "Kuipers, Stefan"]
[Black "Henseler, Jorgen"]
[Result "1-0"]
[WhiteTitle "IM"]
[WhiteElo "2398"]
[BlackElo "2044"]
[WhiteFideId "1018400"]
[BlackFideId "1023233"]
[EventDate "2015.12.21"]

1. b3 e5 2. Bb2 Nc6 3. e3 d5 4. Bb5 Bd6 5. f4 Qe7 6. Nf3 f6 7. O-O Bg4 8. Qe1 a6
9. Bxc6+ bxc6 10. Qg3 Bxf3 11. Qxf3 Nh6 12. e4 O-O 13. Nc3 Bc5+ 14. Kh1 Bd4 15.
Rae1 Qd6 16. Nd1 Bxb2 17. Nxb2 Rae8 18. Nd3 exf4 19. exd5 cxd5 20. Qxf4 Qxf4 21.
Nxf4 c6 22. Ne6 Rf7 23. Nc5 Ra8 24. Rf4 Rc7 25. Kg1 Nf7 26. Nxa6 Rca7 27. Nb4
Ne5 28. d4 Ng6 29. Rf3 1-0

[Event "53rd Groningen Open 2015"]
[Site "Groningen NED"]
[Date "2015.12.26"]
[Round "5.18"]
[White "Den Hartog, Marijn"]
[Black "Wacker, Peter"]
[Result "1/2-1/2"]
[BlackTitle "FM"]
[WhiteElo "2197"]
[BlackElo "2335"]
[WhiteFideId "1046098"]
[BlackFideId "4615751"]
[EventDate "2015.12.21"]

1. e4 e5 2. Nf3 Nc6 3. Bb5 a6 4. Ba4 Nge7 5. d4 exd4 6. Nxd4 b5 7. Bb3 Na5 8.
O-O Bb7 9. Bg5 Nxb3 10. axb3 f6 11. Bh4 Ng6 12. Qh5 Be7 13. Nc3 O-O 14. Bg3 Re8
15. Rad1 Bf8 16. Rfe1 Bb4 17. Qf5 d6 18. Re3 Ne5 19. Bxe5 Rxe5 20. Qg4 Bxc3 21.
bxc3 Qe8 22. Nf5 g6 23. Rde1 Kh8 24. Qh4 Qf8 25. Rh3 Qf7 26. Nh6 Qg7 27. Ng4 Re6
28. Rhe3 Rae8 29. f3 g5 30. Qh6 Qg6 31. Kf2 Bc8 32. h4 Qxh6 33. Nxh6 gxh4 34.
Nf5 Re5 35. Nxh4 Rc5 36. g4 Be6 37. Rh1 Kg8 38. Ng2 Ra8 39. Nf4 Bf7 40. Nd5 Kg7
41. b4 Rc4 42. Ra1 Ra7 43. Ne7 Be6 44. Nd5 1/2-1/2

[Event "53rd Groningen Open 2015"]
[Site "Groningen NED"]
[Date "2015.12.26"]
[Round "5.19"]
[White "Yaaqoub, Rashid"]
[Black "Schoppen, Casper"]
[Result "0-1"]
[WhiteTitle "FM"]
[WhiteElo "2175"]
[BlackElo "2305"]
[WhiteFideId "12200336"]
[BlackFideId "1046730"]
[EventDate "2015.12.21"]

1. d4 Nf6 2. c4 g6 3. Nf3 Bg7 4. g3 O-O 5. Bg2 c6 6. O-O d5 7. Nc3 dxc4 8. Ne5
Be6 9. e4 Nfd7 10. Nf3 Bg4 11. h3 Bxf3 12. Bxf3 e5 13. d5 cxd5 14. exd5 Nc5 15.
Be3 Nd3 16. Qc2 f5 17. d6 e4 18. Nb5 a6 19. Nc7 b5 20. Bg2 Nc6 21. Nxa8 Qxa8 22.
f3 Nd4 23. Bxd4 Bxd4+ 24. Kh2 f4 25. fxe4 fxg3+ 26. Kh1 Nf2+ 27. Rxf2 Rxf2 28.
Qd1 Qxe4 29. Qg1 Qe6 30. Re1 Rxg2 0-1

[Event "53rd Groningen Open 2015"]
[Site "Groningen NED"]
[Date "2015.12.26"]
[Round "5.20"]
[White "Chen, Pengyu"]
[Black "Amesz, Jaap"]
[Result "0-1"]
[WhiteTitle "FM"]
[WhiteElo "2289"]
[BlackElo "2166"]
[WhiteFideId "3212092"]
[BlackFideId "1007106"]
[EventDate "2015.12.21"]

1. e4 d5 2. exd5 Nf6 3. Nf3 Qxd5 4. d4 Bg4 5. Be2 e6 6. c4 Qd7 7. Be3 Nc6 8. O-O
O-O-O 9. Nbd2 Bb4 10. Nb3 Rhe8 11. c5 e5 12. dxe5 Qf5 13. Qb1 Qxb1 14. Rfxb1 Nd5
15. a3 Nxe3 16. axb4 Nc2 17. Ra4 N2xb4 18. Na5 Nxa5 19. Rxb4 Bxf3 20. Bxf3 Rxe5
21. Ra4 Nc6 22. b4 Rd4 23. Rba1 Nxb4 24. Rxa7 c6 25. Ra8+ Kc7 26. Rg8 g6 27. Rg7
Rd7 28. Rxh7 Rxc5 29. h4 Nd5 30. Ra4 Nf6 31. Rg7 Rf5 32. Be2 Nh5 33. Rh7 Rf4 34.
Ra7 Re7 35. g3 Nf6 36. Rg7 Rb4 37. Bf3 c5 38. Ra8 c4 39. Ra5 Kb6 40. Ra3 Rb3 0-1

[Event "53rd Groningen Open 2015"]
[Site "Groningen NED"]
[Date "2015.12.26"]
[Round "5.21"]
[White "Gerlagh, Joris"]
[Black "Afek, Yochanan"]
[Result "1-0"]
[BlackTitle "IM"]
[WhiteElo "2159"]
[BlackElo "2267"]
[WhiteFideId "1038834"]
[BlackFideId "2800462"]
[EventDate "2015.12.21"]

1. d4 Nf6 2. Nf3 g6 3. c4 c5 4. d5 b5 5. cxb5 a6 6. bxa6 Bg7 7. Nc3 Bxa6 8. e4
Bxf1 9. Kxf1 d6 10. g3 O-O 11. Kg2 Nbd7 12. a4 Qb6 13. Qc2 Rfb8 14. Nb5 Ne8 15.
Bg5 Nc7 16. Nxc7 Qxc7 17. Rab1 Rb7 18. b4 h6 19. Be3 Rba7 20. a5 cxb4 21. Qxc7
Rxc7 22. Rxb4 Rxa5 23. Rhb1 Ra2 24. Rb7 Rxb7 25. Rxb7 Nf6 26. Rxe7 Bf8 27. Rd7
Nxe4 28. Rd8 g5 29. Nd4 Nf6 30. Nf5 Nxd5 31. Bd4 f6 32. Nxd6 g4 33. Ne4 f5 34.
Bc5 fxe4 35. Rxf8+ Kh7 36. Re8 Ra4 37. Re5 Nc3 38. Re7+ Kg6 39. Re6+ Kg7 40. h3
gxh3+ 41. Kxh3 h5 42. Rd6 Kh7 43. Be3 Ra5 44. Kh4 Kg8 45. Rg6+ Kf7 46. Rg5 Ra2
47. Rxh5 Nd1 48. Rb5 Ra4 49. Kg5 Rc4 50. Kf5 Rc2 51. Kg5 Rc4 52. Kf5 Rc2 53.
Kxe4 Kf6 54. Rf5+ Kg6 55. Rf4 Rc4+ 56. Kf3 Rc3 57. Rb4 Nxe3 58. fxe3 Rc6 59. g4
Rf6+ 60. Rf4 Ra6 61. Rf8 Ra1 62. Rb8 Kf6 63. Rf8+ Kg6 64. Rb8 Kf6 65. Rb6+ Kg5
66. Rb8 Ra4 67. Rg8+ Kf6 68. e4 Ra1 69. Rf8+ Kg6 70. Rb8 Re1 71. Kf4 Ra1 72.
Rg8+ Kf6 73. e5+ Ke6 74. Rg6+ Kf7 75. Rf6+ Kg7 76. Rb6 Kf7 77. Kf5 Rf1+ 78. Kg5
Re1 79. e6+ Ke7 80. Kg6 Ra1 81. g5 Ra7 82. Kh6 Ra1 83. Kg7 Rh1 84. g6 Rh2 85.
Kg8 Rh1 86. g7 Rg1 87. Rb7+ Ke8 88. Rf7 Rh1 89. Rb7 Rg1 90. Kh7 Rh1+ 91. Kg6
Rg1+ 92. Kf5 Rf1+ 93. Ke4 1-0

[Event "53rd Groningen Open 2015"]
[Site "Groningen NED"]
[Date "2015.12.26"]
[Round "5.22"]
[White "Kalaiyalahan, Akshaya"]
[Black "Andersen, Alf R."]
[Result "1-0"]
[WhiteElo "2157"]
[BlackElo "2163"]
[WhiteFideId "422894"]
[BlackFideId "1503120"]
[EventDate "2015.12.21"]

1. d4 Nc6 2. c4 e5 3. d5 Nce7 4. Nf3 Ng6 5. Nc3 Bb4 6. Bd2 f5 7. Qc2 Bxc3 8.
Bxc3 d6 9. e4 fxe4 10. Qxe4 Nf6 11. Qc2 Bg4 12. Nd2 O-O 13. f3 Bd7 14. O-O-O b5
15. cxb5 Rb8 16. a4 Nf4 17. Ne4 Kh8 18. Bc4 Nxe4 19. fxe4 Qg5 20. Rd2 Nxg2 21.
Rg1 Rf2 22. Kb1 Rxd2 23. Bxd2 Qg6 24. Bc1 Bh3 25. Bf1 Ne1 26. Rxg6 Nxc2 27. Bxh3
hxg6 28. Kxc2 Rf8 29. Be6 Rf2+ 30. Kd3 Rxh2 31. Be3 Rxb2 32. Bxa7 Rb4 33. Bb8
Rd4+ 34. Ke3 Rxa4 35. Bxc7 Rb4 36. b6 g5 37. Bc8 Rb3+ 38. Kd2 Rb4 39. b7 g4 40.
b8=Q 1-0

[Event "53rd Groningen Open 2015"]
[Site "Groningen NED"]
[Date "2015.12.26"]
[Round "5.23"]
[White "Warmerdam, Max"]
[Black "Schweitzer, Werner"]
[Result "1-0"]
[WhiteTitle "FM"]
[WhiteElo "2335"]
[BlackElo "2067"]
[WhiteFideId "1048104"]
[BlackFideId "1622927"]
[EventDate "2015.12.21"]

1. e4 c6 2. d4 d5 3. Nd2 dxe4 4. Nxe4 Bf5 5. Ng3 Bg6 6. h4 h6 7. Nf3 Nd7 8. h5
Bh7 9. Bd3 Bxd3 10. Qxd3 e6 11. Bd2 Ngf6 12. O-O-O Be7 13. Kb1 Qb6 14. Rhe1 O-O
15. Nf5 exf5 16. Rxe7 Qd8 17. Re2 Ne4 18. g3 Ndf6 19. Nh4 Qd7 20. Bc1 Rfe8 21.
Qf3 Nd5 22. Nxf5 Nec3+ 23. bxc3 Rxe2 24. Qg4 Qxf5 25. Qxf5 Nxc3+ 26. Ka1 Nxd1
27. Bxh6 Re6 28. Bxg7 Kxg7 29. Qg4+ Kf8 30. Qxd1 Rd8 31. Qd3 Rd5 32. g4 Red6 33.
Qh7 Rg5 34. f3 c5 35. Qh8+ Ke7 36. h6 cxd4 37. h7 Rb5 38. a4 Ra5 39. Qc8 Rxa4+
40. Kb2 Rb6+ 41. Kc1 1-0

[Event "53rd Groningen Open 2015"]
[Site "Groningen NED"]
[Date "2015.12.26"]
[Round "5.24"]
[White "Pajeken, Wolfgang"]
[Black "Bhattacharjee, Sourav"]
[Result "1/2-1/2"]
[WhiteTitle "FM"]
[WhiteElo "2304"]
[BlackElo "2067"]
[WhiteFideId "4622170"]
[BlackFideId "1048090"]
[EventDate "2015.12.21"]

1. d4 Nf6 2. c4 c5 3. Nf3 g6 4. Nc3 Bg7 5. d5 d6 6. e4 O-O 7. Bd3 e6 8. h3 exd5
9. cxd5 Re8 10. O-O c4 11. Bxc4 Nxe4 12. Nxe4 Rxe4 13. Bg5 Bf6 14. Qc2 Re8 15.
Bf4 Nd7 16. Rfe1 Rxe1+ 17. Rxe1 Nb6 18. Bb3 Bf5 19. Qd2 Rc8 20. Nd4 Bd7 21. Ne6
fxe6 22. dxe6 d5 23. exd7 Qxd7 24. Be5 Bxe5 25. Rxe5 Rd8 26. Qg5 Re8 27. Bxd5+
Nxd5 28. Rxe8+ Qxe8 29. Qxd5+ Kh8 30. Qd4+ Kg8 31. Qd5+ Kh8 32. g3 Qb8 33. a4 b6
34. b4 Qc7 35. b5 Kg7 36. Kg2 h6 37. Kf3 Qc3+ 38. Ke4 Qe1+ 39. Kd3 1/2-1/2